000 00672nam a2200217Ia 4500
003 GCL
008 140319s9999 xx 000 0 ara d
040 _aGCL /
_cGCL
082 0 4 _a516.15
_bا ر
100 1 _aاحمد سليم سعيدان
245 1 0 _aرسائل ابن سنان /
_cاحمد سليم سعيدان
260 _a[S.N] :
_bمطابع كويت تايمز ،
_c1983
300 _a376 ص
490 _aالسلسلة التراثية
_v0
650 0 4 _aالهندسة
650 0 4 _aالرياضيات
650 0 4 _aالرسم الهندسى
650 0 4 _aالتصميم الهندسى
650 0 4 _aالتحليل الهندسى
942 _2ddc
_cBK
999 _c33215
_d33215